Women's US Open Championship - Golf - Statistics

General Stats
  • This quiz has been taken 135 times
    75 since last reset
  • The average score is 27 of 75
Answer Stats
Year Golfer % Correct
2006 Annika Sörenstam
96%
1996 Annika Sörenstam
96%
1995 Annika Sörenstam
96%
2013 Inbee Park
78%
2008 Inbee Park
78%
2001 Karrie Webb
70%
2000 Karrie Webb
70%
2017 Sung-hyun Park
70%
1987 Laura Davies
65%
2014 Michelle Wie
65%
2005 Birdie Kim
57%
2002 Juli Inkster
57%
1999 Juli Inkster
57%
1954 Babe Zaharias
48%
1950 Babe Zaharias
48%
1948 Babe Zaharias
48%
2004 Meg Mallon
48%
1991 Meg Mallon
48%
1990 Betsy King
43%
1989 Betsy King
43%
2007 Cristie Kerr
43%
1970 Donna Caponi
43%
1969 Donna Caponi
43%
1976 JoAnne Carner
43%
1971 JoAnne Carner
43%
1964 Mickey Wright
43%
1961 Mickey Wright
43%
1959 Mickey Wright
43%
1958 Mickey Wright
43%
1960 Betsy Rawls
39%
1957 Betsy Rawls
39%
1953 Betsy Rawls
39%
1951 Betsy Rawls
39%
1983 Jan Stephenson
39%
1981 Pat Bradley
39%
2010 Paula Creamer
39%
1965 Carol Mann
35%
1952 Louise Suggs
35%
1949 Louise Suggs
35%
1998 Pak Se-ri
35%
1994 Patty Sheehan
35%
1992 Patty Sheehan
35%
1980 Amy Alcott
30%
1997 Alison Nicholas
26%
2016 Brittany Lang
26%
1985 Kathy Baker
26%
1988 Liselotte Neumann
26%
1963 Mary Mills
26%
1946 Patty Berg
26%
1974 Sandra Haynie
26%
1973 Susie Berning
26%
1972 Susie Berning
26%
1968 Susie Berning
26%
2003 Hilary Lunke
22%
1986 Jane Geddes
22%
1993 Lauri Merten
22%
1975 Sandra Palmer
22%
2018 Ariya Jutanugard
17%
1984 Hollis Stacy
17%
1978 Hollis Stacy
17%
1977 Hollis Stacy
17%
1966 Sandra Spuzich
17%
1967 Catherine Lacoste
13%
1955 Fay Crocker
13%
2009 Ji Eun-hee
13%
2020 Kim A-lim
13%
2015 Chun In-gee
9%
1979 Jerilyn Britz
9%
1956 Kathy Cornelius
9%
1962 Murle Lindstrom
9%
1947 Betty Jameson
4%
2012 Choi Na-yeon
4%
1982 Janet Alex
4%
2019 Lee Jeongeun
0%
2011 Ryu So-yeon
0%
No matching quizzes found
Score Distribution
Percent of People with Each Score
Percentile by Number Answered
Your Score History
You have not taken this quiz since the last reset